Infancias libres : Talleres y actividades para educación en géneros /

Durante las últimas décadas, en nuestras sociedades comenzamos a reconocer las desigualdades de géneros: ampliamos y masificamos las discusiones respecto de las violencias hacia las mujeres, lesbianas, travestis y trans, construimos leyes donde la diversidad dice presente. Y también pensamos materia...

Descripción completa

Guardado en:
Autor Principal: Merchán, Cecilia.
Otros Autores: Fink, Nadia., Saá, Emiliano; ilus.
Formato: Libro
Publicado: Buenos Aires : Chirimbote, 2018.
Series:Colección ESI / Dirección de Educación Sexual Integral
Materias:
ESI
Acceso en línea:Clic aquí para acceder a las orientaciones pedagógicas para trabajar este material.
Etiquetas: Agregar Etiqueta
Sin Etiquetas, Sea el primero en etiquetar este registro!
LEADER 03207nam a22004575a 4500
001 CEM.cems020177
008 230608s2018##################000#0#####d
005 20250428145801.0
245 1 0 |a Infancias libres :  |b Talleres y actividades para educación en géneros /  |c Cecilia Merchán y Nadia Fink ; ilustrado por Emiliano Saá. 
260 |a Buenos Aires :  |b Chirimbote,  |c 2018. 
300 |a 160 p. 
440 0 |a Colección ESI / Dirección de Educación Sexual Integral 
500 |a Colección de la Dirección General de Cultura y Educación del Gobierno de la Provincia de Buenos Aires. 
505 0 |a Educación popular -- Patriarcado -- Género -- Estereotipos -- Taller -- Machismo -- Sexismo -- Violencias -- Infancias libres -- Mujeres -- Discriminación -- El juego -- Diversidad sexual -- Representaciones sociales -- Lenguaje excluyente -- Medios de comunicación 
520 |a Durante las últimas décadas, en nuestras sociedades comenzamos a reconocer las desigualdades de géneros: ampliamos y masificamos las discusiones respecto de las violencias hacia las mujeres, lesbianas, travestis y trans, construimos leyes donde la diversidad dice presente. Y también pensamos materiales para intervenir en esa realidad donde se colaban los temas con los que trabajamos hace tantos años. Así hablamos de infancias más libres, y también de adulteces en que los temas que nos atraviesan como mujeres pudieran generar reflexiones y nuevas miradas para empoderarnos como sujetas plenas de derecho. 
020 |a 9789874276049 
100 1 |a Merchán, Cecilia. 
700 1 |a Fink, Nadia. 
700 1 |a Saá, Emiliano; ilus. 
082 0 4 |a 371.76 
653 |a Educación sexual 
653 |a Diversidad sexual 
653 |a Estudios de género 
653 |a Pedagogía educación sexual integral 
653 |a ESI 
856 |u https://continuemosestudiando.abc.gob.ar/contenido/infancias-libres-talleres-y-actividades-para-educacion-en-generos/  |y Clic aquí para acceder a las orientaciones pedagógicas para trabajar este material. 
859 |a CEMS  |b BIB. CEMS - Agricultura  |h 371.76  |i M535  |p A3742.24  |t Ej.1 
859 |a CEMS  |b BIB. CEMS - Ccias. Educacion  |h 371.76  |i M535  |k CE  |p 29552.24  |t Ej.1 
859 |a CEMS  |b BIB. CEMS - 11 de abril  |h 371.76  |i M535  |p 29468.23  |t Ej.1 
859 |a CEMS  |b BIB. CEMS - Inicial y Primaria  |h 371.76  |i M535  |k IP  |p 7061  |t Ej.2 
859 |a CEMS  |b BIB. CEMS - Agricultura  |h 371.76  |i M535  |p A3743.24  |t Ej.2 
859 |a CEMS  |b BIB. CEMS - 11 de abril  |h 371.76  |i M535  |p 29553.24  |t Ej.2 
859 |a CEMS  |b BIB. CEMS - Inicial y Primaria  |h 371.76  |i M535  |k IP  |p 7062  |t Ej.3 
859 |a CEMS  |b BIB. CEMS - Agricultura  |h 371.76  |i M535  |p A3744.24  |t Ej.3 
859 |a CEMS  |b BIB. CEMS - 11 de abril  |h 371.76  |i M535  |p 29554.24  |t Ej.3 
859 |a CEMS  |b BIB. CEMS - Inicial y Primaria  |h 371.76  |i M535  |k IP  |p 7063  |t Ej.4 
859 |a CEMS  |b BIB. CEMS - Agricultura  |h 371.76  |i M535  |p A3745.24  |t Ej.4 
859 |a CEMS  |b BIB. CEMS - 11 de abril  |h 371.76  |i M535  |p 29555.24  |t Ej.4 
859 |a CEMS  |b BIB. CEMS - Inicial y Primaria  |h 371.76  |i M535  |k IP  |p 7064  |t Ej.5 
859 |a CEMS  |b BIB. CEMS - Agricultura  |h 371.76  |i M535  |p A3746.24  |t Ej.5 
859 |a CEMS  |b BIB. CEMS - 11 de abril  |h 371.76  |i M535  |p 29556.24  |t Ej.5